Elements of power system analysis (Record no. 7983)

000 -LEADER
fixed length control field 00512nam a22001937a 4500
001 - CONTROL NUMBER
control field 7983
003 - CONTROL NUMBER IDENTIFIER
control field BD-DhUET
008 - FIXED-LENGTH DATA ELEMENTS--GENERAL INFORMATION
fixed length control field 150103b xxu||||| |||| 00| 0 eng d
040 ## - CATALOGING SOURCE
Transcribing agency 0
Modifying agency BD-DhUET
082 ## - DEWEY DECIMAL CLASSIFICATION NUMBER
Classification number 623.12
Item number STE/1962
100 ## - MAIN ENTRY--PERSONAL NAME
Personal name Stevenson, William D.
245 ## - TITLE STATEMENT
Title Elements of power system analysis
250 ## - EDITION STATEMENT
Edition statement 2nd ed.
260 ## - PUBLICATION, DISTRIBUTION, ETC. (IMPRINT)
Place of publication, distribution, etc. New York
Name of publisher, distributor, etc. McGraw Hill
Date of publication, distribution, etc. 1962
300 ## - PHYSICAL DESCRIPTION
Extent xii,388p.
Other physical details ill.
490 ## - SERIES STATEMENT
Series statement McGraw-Hill series in electrical engineering
650 #0 - SUBJECT ADDED ENTRY--TOPICAL TERM
Topical term or geographic name as entry element Electric power systems
942 ## - ADDED ENTRY ELEMENTS (KOHA)
Koha item type General Book
Holdings
Copy number Koha normalized classification for sorting Shelving location Damaged status Location (home branch) Price effective from Koha full call number Koha item type Koha date last borrowed Piece designation (barcode) Date acquired Not for loan Lost status Sublocation or collection (holding branch) Source of classification or shelving scheme Koha issues (times borrowed) Withdrawn status Koha date last seen
1623_120000000000000_STE_1962Circulation section Central Library, BUET2015-01-03623.12/STE/1962General Book2015-01-03592912015-01-03  Central Library, BUET 1 2015-02-15
2623_120000000000000_STE_1962Circulation section Central Library, BUET2015-05-03623.12/STE/1962General Book 99642015-05-03  Central Library, BUET   2015-05-03
3623_120000000000000_STE_1962Circulation section Central Library, BUET2015-05-03623.12/STE/1962General Book 245092015-05-03  Central Library, BUET   2015-05-03
4623_120000000000000_STE_1962Circulation section Central Library, BUET2015-05-03623.12/STE/1962General Book 14922015-05-03  Central Library, BUET   2015-05-03
5623_120000000000000_STE_1962Circulation section Central Library, BUET2015-05-03623.12/STE/1962General Book 112762015-05-03  Central Library, BUET   2015-05-03
6623_120000000000000_STE_1962Circulation section Central Library, BUET2015-05-03623.12/STE/1962General Book 163572015-05-03  Central Library, BUET   2015-05-03
7623_120000000000000_STE_1962Reading section Central Library, BUET2015-06-25623.12/STE/1962Reading Item 399662015-06-25  Central Library, BUET   2015-06-25
8623_120000000000000_STE_1962Reading section Central Library, BUET2015-06-28623.12/STE/1962Reading Item 399642015-06-28  Central Library, BUET   2015-06-28
9623_120000000000000_STE_1962Reading section Central Library, BUET2015-06-28623.12/STE/1962Reading Item 399652015-06-28  Central Library, BUET   2015-06-28
10623_120000000000000_STE_1962Reading section Central Library, BUET2015-06-28623.12/STE/1962Reading Item 399622015-06-28  Central Library, BUET   2015-06-28